El Corán

Guardat en:
Dades bibliogràfiques
Format: Llibre
Idioma:espanyol
Publicat: Barcelona Planeta 1973
Edició:3a. ed
Matèries:
Etiquetes: Afegir etiqueta
Sense etiquetes, Sigues el primer a etiquetar aquest registre!

MARC

LEADER 00000nam a2200000 a 4500
001 UCX4096
003 CL-VaPUC
008 920317e19730000SP |||||||||||||||||spa|d
082 0 4 |a 297.122  |b COR  |2 21 
245 1 3 |a El Corán 
250 |a 3a. ed 
300 |a 727 p 
942 |c BK 
945 |d 19920317 00:00:00 
260 |a Barcelona  |b Planeta  |c 1973 
650 0 |a Corán  |9 314983 
583 |a last modification  |c 19920317 00:00:00  |k Rodrigo Vera 
999 |c 224664  |d 224662 
952 |0 0  |1 0  |4 0  |6 297_122000000000000_COR_1973  |7 0  |8 A  |9 221484  |a BIBTEO  |b BIBTEO  |d 2019-11-15  |i 2902834  |o 297.122 COR 1973  |p 2902834  |r 2025-01-17  |w 2019-11-15  |y BK  |k ICR